000
00214 a2200097 4500
001
41035
100
_a
Zain ul Abideen
245
_a
Kamoos ul Quran
260
_a
Karachi
_b
Adara-i-Ishaat
_c
090
_c
25269
_d
25269
942
_a
NUST-CAE
_c
M
_c
16968
999
_c
276108
_d
276108